000 00386nam a2200145Ia 4500
008 220217s9999||||xx |||||||||||||| ||und||
020 _a81-7808-845-2
082 _a005.131 ALL
100 _aAllen, James
_93041
245 0 _aNatural language understaning
250 _a2nd
260 _aPearson education asia
_bDelhi
_c2003
300 _b325
650 _aPROGRAMMING LANGUAGE
999 _c172154
_d172154